000 00426nam a22001817a 4500
003 CEME
005 20210628202244.0
008 210301b xxu||||| |||| 00| 0 eng d
020 _a969-35-0671-5
040 _c.
082 _a891.4393 TAR
100 _aTarar, Mustansar Hussain
_93135
245 _aRaakh
260 _aLAHORE
_bNAGARASAT
_c2001
300 _a588P
650 _aURDU ADAB-NOVEL
_920918
942 _cBK
_2ddc
999 _c569093
_d569093